| 000 | 00876nam a22002177a 4500 | ||
|---|---|---|---|
| 999 |
_c4644 _d4644 |
||
| 003 | AR-CdUCM | ||
| 008 | 190311b ||||| |||| 00| 0 spa d | ||
| 040 |
_aMUNICIPALIDAD PROVINCIAL DEL CUSCO _cBIBLIOTECA MUNICIPAL DEL CUSCO |
||
| 082 |
_a320.973 / _bS73 |
||
| 100 |
_aSpanier, John _914465 |
||
| 245 | _aLa política exterior norteamericana a partir de la segunda guerra mundial / | ||
| 260 |
_aArgentina : _bLatinoamericano, _c1991. |
||
| 300 |
_a388 páginas ; _c23 cm. |
||
| 505 | _aLa orientación norteamericana de la política exterior -- El comienzo de la guerra fría -- La contención en Europa -- La contención en el lejano oriente -- La estrategia de trazar las fronteras... | ||
| 650 |
_aPolítica. _9291 |
||
| 650 |
_aPolítica exterior. _94556 |
||
| 650 |
_aGuerra fría. _95243 |
||
| 650 |
_aNorteamérica. _95078 |
||
| 942 |
_2ddc _cLIBROS |
||
| 945 | _awfj | ||